• 首页
  • 本馆介绍
  • 公告通知
  • 最新文献
  • 馆藏检索
  • 电子资源
  • 读者导购
  • 参考咨询
  • 我的图书馆
  • 登录
  • 详细信息显示
  • 放入我的书架
  • 预约/预借图书
  • 作者相关作品
  • 分类相关作品
  • 丛书相关作品
  • 出版社相关作品

书目信息

  • 表格格式
  • 工作单格式
  • 卡片格式
题名:
口腔外科小手术操作指南
    
 
作者: 梅赫拉 , 因诺森 原著 ;胡开进 主译
分册:  
出版信息: 西安   世界图书出版公司  2016
页数: 304页
开本: 26cm
丛书名:
单 册:
中图分类: R782.05-62 , R782.05
科图分类:
主题词: 口腔外科手术--kou qiang wai ke shou shu--指南
电子资源:
ISBN: 978-7-5192-1284-1
000 01423nam0 2200313 450
001 2344907663
005 20231215122840.19
010    @a978-7-5192-1284-1@dCNY138.00
100    @a20160618d2016 em y0chiy50 ea
101 1  @achi@ceng
102    @aCN@b610000
105    @aak a 000yy
200 1  @a口腔外科小手术操作指南@Akou qiang wai ke xiao shou shu cao zuo zhi nan@d= Manual of minor oral surgery for thegeneral dentist@f原著 (美) Pushkar Mehra, Richard D'Innocenzo@g主译胡开进@zeng
210    @a西安@c世界图书出版公司@d2016
215    @a304页@c图 (部分彩图)@d26cm
305    @a译自原著第2版
314    @a责任者Mehra规范汉译姓: 梅赫拉; 责任者D'Innocenzo规范汉译姓: 因诺森
314    @a胡开进, 现任第四军医大学口腔颌面部外科教授, 主任医师, 口腔外科主任, 博士生导师。
320    @a有书目
330    @a本书第一章为患者的术前评估与病史采集, 第二章专门介绍伴全身疾病患者的处理, 随后不但分章介绍了第三磨牙拔除、修复前外科、牙种植、牙冠延长、口腔病变活检等内容, 而且涵盖了感染控制和镇静等内容。
500 10 @aManual of minor oral surgery for thegeneral dentist@mChinese
606 0  @a口腔外科手术@Akou qiang wai ke shou shu@j指南
690    @aR782.05-62@v5
690    @aR782.05@v4
701  1 @a梅赫拉@Amei he la@g(Mehra, Pushkar)@4原著
701  1 @a因诺森@Ayin nuo sen@g(D'Innocenzo, Richard)@4原著
702  0 @a胡开进@Ahu kai jin@4主译
801  0 @aCN@b湖北三新@c20160618
905    @aZUCC@dR782.05@e5
    
    口腔外科小手术操作指南= Manual of minor oral surgery for thegeneral dentist/原著 (美) Pushkar Mehra, Richard D'Innocenzo/主译胡开进.-西安:世界图书出版公司,2016
    304页:图 (部分彩图);26cm
    
    
    ISBN 978-7-5192-1284-1:CNY138.00
    本书第一章为患者的术前评估与病史采集, 第二章专门介绍伴全身疾病患者的处理, 随后不但分章介绍了第三磨牙拔除、修复前外科、牙种植、牙冠延长、口腔病变活检等内容, 而且涵盖了感染控制和镇静等内容。
●
相关链接 在五车中查询图书 在当当中查询图书 在豆瓣中查询图书


正题名:口腔外科小手术操作指南     索取号:R782.05/5         预约/预借

序号 登录号 条形码 馆藏地/架位号 状态 备注
1 2001466803   2001466803   209书库/ [索取号:R782.05/5] 在馆    
2 2001466804   2001466804   209书库/ [索取号:R782.05/5] 在馆    
3 2001466805   2001466805   209书库/ [索取号:R782.05/5] 在馆    
4 2001466806   2001466806   209书库/ [索取号:R782.05/5] 在馆    
5 2001466807   2001466807   209书库/ [索取号:R782.05/5] 在馆    
6 2001466808   2001466808   209书库/ [索取号:R782.05/5] 在馆    
7 2001466809   2001466809   209书库/ [索取号:R782.05/5] 在馆    
8 2001466810   2001466810   209书库/ [索取号:R782.05/5] 在馆    
9 2001466811   2001466811   209书库/ [索取号:R782.05/5] 在馆    
10 2001466812   2001466812   209书库/ [索取号:R782.05/5] 在馆    
11 2001466813   2001466813   209书库/ [索取号:R782.05/5] 在馆    
12 2001466814   2001466814   209书库/ [索取号:R782.05/5] 在馆    
13 2001466815   2001466815   209书库/ [索取号:R782.05/5] 在馆    
14 2001466816   2001466816   209书库/ [索取号:R782.05/5] 在馆    
15 2001466817   2001466817   209书库/ [索取号:R782.05/5] 在馆    
16 2001466818   2001466818   209书库/ [索取号:R782.05/5] 在馆    
17 2001466819   2001466819   209书库/ [索取号:R782.05/5] 在馆    
18 2001466820   2001466820   209书库/ [索取号:R782.05/5] 在馆    
19 2001466821   2001466821   209书库/ [索取号:R782.05/5] 在馆    
20 2001466822   2001466822   209书库/ [索取号:R782.05/5] 在馆    
21 2001466823   2001466823   209书库/ [索取号:R782.05/5] 在馆    
22 2001466824   2001466824   209书库/ [索取号:R782.05/5] 在馆    
23 2001466825   2001466825   209书库/ [索取号:R782.05/5] 在馆    
24 2001466826   2001466826   209书库/ [索取号:R782.05/5] 在馆    
25 2001466827   2001466827   209书库/ [索取号:R782.05/5] 在馆    
26 2001466828   2001466828   209书库/ [索取号:R782.05/5] 在馆    
27 2001466829   2001466829   209书库/ [索取号:R782.05/5] 在馆    
28 2001466830   2001466830   209书库/ [索取号:R782.05/5] 在馆    
29 2001466831   2001466831   209书库/ [索取号:R782.05/5] 在馆    
30 2001466832   2001466832   209书库/ [索取号:R782.05/5] 在馆    
山东省滨州职业学院图书馆 欢迎您!
大连网信软件有限公司© 版权所有